| LEADER |
01256nam0a2200205 450 |
| 001 |
16840704 |
| 010 |
|
|
|a 978-2-221-26333-4
|b Br.
|d 14,9
|
| 100 |
|
|
|a 20221202d2022 u u0frey01 ba
|
| 101 |
1 |
|
|a fre
|c eng
|
| 200 |
0 |
|
|a Rendez-vous avec le diable
|f Julia Chapman
|g trad. Dominique Haas, trad. Stéphanie Leigniel
|
| 207 |
|
1 |
|a
|
| 210 |
|
|
|a Paris
|c R. Laffont
|d 2022
|
| 330 |
|
|
|a LA MORT FAIT SON INTÉRESSANTE ?Le huitième tome de la série best-seller Les Détectives du Yorkshire. Un vent de panique souffle sur Bruncliffe : plusieurs vols sont recensés et un terrible incendie provoque l'explosion d'une caravane. Pour couronner le tout, Mme Lister débarque à l'Agence de recherche des Vallons pour déclarer la disparition de son fils Stuart. Incendie criminel, vols, disparition inexpliquée : tous ces incidents convergent vers un dangereux multirécidiviste. Samson et Delilah, les deux détectives les plus respectés des Vallons, mènent l'enquête...
|
| 461 |
|
0 |
|t Rendez-vous
|v 8
|
| 700 |
|
0 |
|a Chapman
|b Julia
|4 70
|
| 702 |
|
0 |
|a Haas
|b Dominique
|4 730
|
| 702 |
|
0 |
|a Leigniel
|b Stéphanie
|4 730
|
| 900 |
|
|
|a Roman Policier
|
| 901 |
|
|
|a Accessible au prêt
|
| 995 |
|
|
|a Bibliothèque
|c Bibliothèque
|f 024022911
|h 024022911
|k RP CHA
|o p
|q a
|r az
|e Bibliothèque
|